[Event "IECG TE.2005.P.02004"]
[Site "IECG email"]
[Date "2005.12.19"]
[Round "?"]
[White "Plant, Kevin D"]
[Black "Collet, Alfred"]
[Result "1-0"]
[WhiteElo "1940"]
[BlackElo "790"]
[PlyCount "35"]
[EventDate "2005.12.19"]
[EventType "tourn (corr)"]
[EventRounds "8"]
[SourceTitle "Corr 2008"]
[Source "ChessBase"]
[SourceDate "2008.06.24"]
[SourceVersion "1"]
[SourceVersionDate "2008.06.24"]
[SourceQuality "1"]

1. e4 e5 2. Nf3 Nc6 3. c3 d5 4. Qa4 Bd7 5. d3 Nd4 6. Qd1 Nxf3+ 7. Qxf3 Nf6 8. Nd2 Be7 9. exd5 Bg4 10. Qg3 Qxd5 11. h3 Be6 12. Be2 0-0 13. 0-0 Nd7 14. Re1 Rfd8 15. Ne4 Bf5 16. Bd1 a5 17. Bg5 Bxg5 18. Nxg5 1-0

[Event "IECG CP-2005-P-00116"]
[Site "IECG email"]
[Date "2005.10.01"]
[Round "?"]
[White "Rey, Manny"]
[Black "Collet, Alfred"]
[Result "1-0"]
[WhiteElo "2092"]
[BlackElo "790"]
[PlyCount "125"]
[EventDate "2005.??.??"]
[EventType "tourn (corr)"]
[EventRounds "6"]
[SourceTitle "Corr 2024"]
[Source "ChessBase"]
[SourceDate "2023.10.19"]
[SourceVersion "1"]
[SourceVersionDate "2023.10.19"]
[SourceQuality "1"]

1. f4 d5 2. Nf3 g6 3. e3 Bg7 4. Be2 Nf6 5. 0-0 0-0 6. d3 c5 7. Qe1 Nc6 8. Qh4 Bf5 9. c3 Qc7 10. Nbd2 h6 11. Re1 a5 12. Bf1 a4 13. e4 Be6 14. e5 Nd7 15. Nb1 Qb6 16. Qg3 Rfd8 17. Na3 Re8 18. Qf2 f6 19. Nh4 fxe5 20. Nxg6 Bf7 21. Nh4 e6 22. Qg3 Kh7 23. Rb1 Rf8 24. Qh3 exf4 25. Bxf4 Nde5 26. Be2 Ng6 27. Bd6 Rfd8 28. Bg3 Nge5 29. Rf1 Kg8 30. Bf4 Rf8 31. Qg3 Kh7 32. Nc2 Be8 33. Kh1 d4 34. b4 axb3 35. Rxb3 Qc7 36. cxd4 Rxa2 37. dxe5 Rxc2 38. Bf3 h5 39. Rfb1 Nd8 40. Be4+ Kg8 41. Nf3 b5 42. h3 Re2 43. Bg5 c4 44. Ra3 c3 45. Rba1 Nc6 46. Rxc3 b4 47. Rc5 b3 48. Bh6 Rc2 49. Rxc2 bxc2 50. Rc1 Nb4 51. d4 Qa7 52. Bxc2 Nxc2 53. Rxc2 Kh7 54. Bxg7 Qxg7 55. Ng5+ Kh8 56. h4 Ba4 57. Rf2 Rxf2 58. Qxf2 Qe7 59. Qf6+ Qxf6 60. exf6 Kg8 61. Kh2 Kf8 62. Kg3 Bb3 63. Kf4 1-0

[Event "IECC Swiss-496.1"]
[Site "IECC email"]
[Date "2005.03.23"]
[Round "?"]
[White "Basson, Heinrich"]
[Black "Collet, Alfred"]
[Result "0-1"]
[WhiteElo "1738"]
[BlackElo "1186"]
[PlyCount "90"]
[EventDate "2005.??.??"]
[EventType "swiss (corr)"]
[EventRounds "1"]
[SourceTitle "Corr 2020"]
[Source "ChessBase"]
[SourceDate "2019.09.30"]
[SourceVersion "1"]
[SourceVersionDate "2019.09.30"]
[SourceQuality "1"]
[WhiteTeam "South Africa"]
[BlackTeam "Belgium"]
[WhiteTeamCountry "RSA"]
[BlackTeamCountry "BEL"]

1. e4 e6 2. Nf3 d5 3. e5 c5 4. Nc3 Nc6 5. Bb5 Nge7 6. d4 a6 7. Bxc6+ Nxc6 8. dxc5 Bxc5 9. 0-0 0-0 10. Qd3 f6 11. exf6 Rxf6 12. a3 Bd6 13. Ng5 Rg6 14. f4 Ne7 15. Kh1 Rh6 16. Rf3 Qe8 17. Bd2 Bd7 18. Re1 Rc8 19. Re2 Qg6 20. Qxg6 Rxg6 21. Rd3 Nf5 22. g4 Nh4 23. Rh3 h6 24. Nge4 Be7 25. f5 Rxg4 26. Nf2 Rgc4 27. fxe6 Bc6 28. Be1 Rf8 29. Kg1 Nf3+ 30. Rxf3 Rxf3 31. Nd3 Rg4+ 32. Bg3 d4 33. Nd1 Rg6 34. Ne1 Rff6 35. Rf2 Rxe6 36. Kf1 Rgf6 37. Rxf6 Bb5+ 38. Nd3 Rxf6+ 39. Kg2 Ba4 40. Be5 Rg6+ 41. Kf3 Bxc2 42. N1f2 Bf6 43. Ke4 Bxe5 44. Kxe5 Bxd3 45. Nxd3 Rg4 0-1

[Event "IECC KO-5044"]
[Site "IECC email"]
[Date "2005.02.10"]
[Round "?"]
[White "Collet, Alfred"]
[Black "Marmont, Benjamin"]
[Result "1-0"]
[WhiteElo "1227"]
[BlackElo "1638"]
[PlyCount "33"]
[EventDate "2004.??.??"]
[EventType "match (corr)"]
[EventRounds "2"]
[SourceTitle "Corr 2008"]
[Source "ChessBase"]
[SourceDate "2008.06.24"]
[SourceVersion "1"]
[SourceVersionDate "2008.06.24"]
[SourceQuality "1"]

1. e4 c5 2. Nf3 d6 3. d4 cxd4 4. Nxd4 Nf6 5. Nc3 a6 6. f4 e5 7. Nf3 Nbd7 8. a4 Be7 9. Bc4 Qa5 10. Qe2 0-0 11. 0-0 exf4 12. Bxf4 Ne5 13. Nd5 Nxd5 14. Bxd5 Be6 15. c4 Bxd5 16. cxd5 Bf6 17. Nxe5 1-0

[Event "IECC Swiss-459.4"]
[Site "IECC email"]
[Date "2004.06.03"]
[Round "?"]
[White "Wozniak, Zbigniew"]
[Black "Collet, Alfred"]
[Result "0-1"]
[WhiteElo "1867"]
[BlackElo "1036"]
[PlyCount "64"]
[EventDate "2004.??.??"]
[EventType "swiss (corr)"]
[EventRounds "1"]
[SourceTitle "Corr 2020"]
[Source "ChessBase"]
[SourceDate "2019.09.30"]
[SourceVersion "1"]
[SourceVersionDate "2019.09.30"]
[SourceQuality "1"]
[WhiteTeam "Poland"]
[BlackTeam "Belgium"]
[WhiteTeamCountry "POL"]
[BlackTeamCountry "BEL"]

1. e4 c5 2. Nf3 e6 3. d4 cxd4 4. Nxd4 Nf6 5. Nc3 Nc6 6. Nxc6 bxc6 7. e5 Nd5 8. Ne4 Qc7 9. f4 Qb6 10. c4 Ne3 11. Qd3 Qb4+ 12. Kf2 Ng4+ 13. Kf3 h5 14. a3 Qb6 15. b4 Ba6 16. h3 f5 17. exf6 0-0-0 18. Qc3 Nxf6 19. Nxf6 gxf6 20. Be3 c5 21. Qxf6 Bd6 22. Qc3 Rdf8 23. Ke2 Rhg8 24. Kd1 Bb7 25. Qd2 Qc7 26. Rg1 Bxf4 27. Bxf4 Rxf4 28. Qe3 Rd4+ 29. Kc1 Rg3 30. Qh6 Be4 31. Qf8+ Kb7 32. Qxc5 Qf4+ 0-1

[Event "IECC Swiss email"]
[Site "IECC email"]
[Date "2003.05.21"]
[Round "?"]
[White "Collet, Alfred"]
[Black "Gustafsson, Lars"]
[Result "1-0"]
[WhiteElo "989"]
[BlackElo "1700"]
[PlyCount "61"]
[EventDate "2003.??.??"]
[EventType "tourn (corr)"]
[EventRounds "6"]
[SourceTitle "Corr 2008"]
[Source "ChessBase"]
[SourceDate "2008.06.24"]
[SourceVersion "1"]
[SourceVersionDate "2008.06.24"]
[SourceQuality "1"]

1. e4 e6 2. d4 d5 3. Nc3 Bb4 4. e5 Qd7 5. Qg4 f5 6. Qg3 b6 7. a3 Bf8 8. Nf3 Ba6 9. Bxa6 Nxa6 10. 0-0 Ne7 11. Bg5 Ng6 12. h4 h6 13. Be3 Qf7 14. h5 Ne7 15. Qh2 Nb8 16. Nb5 Nec6 17. c4 a6 18. cxd5 axb5 19. dxc6 Nxc6 20. Rac1 Nd8 21. Ne1 c6 22. Nd3 Be7 23. d5 exd5 24. Bxb6 Rc8 25. Rc2 0-0 26. Rfc1 Qe8 27. Bxd8 Bxd8 28. Nb4 f4 29. Qh3 Bc7 30. Rxc6 Qxe5 31. Qf3 1-0

[Event "SEMI B035 email"]
[Site "SEMI email"]
[Date "2003.05.01"]
[Round "?"]
[White "Collet, Alfred"]
[Black "Raiteri, Enrico"]
[Result "0-1"]
[WhiteElo "1000"]
[BlackElo "1000"]
[PlyCount "132"]
[EventDate "2003.05.01"]
[EventType "tourn (corr)"]
[EventRounds "6"]
[EventCountry "ITA"]
[SourceTitle "Corr 2008"]
[Source "ChessBase"]
[SourceDate "2008.06.24"]
[SourceVersion "1"]
[SourceVersionDate "2008.06.24"]
[SourceQuality "1"]

1. d4 Nf6 2. c4 e6 3. Nc3 Bb4 4. Qc2 0-0 5. a3 Bxc3+ 6. Qxc3 b6 7. Bg5 Bb7 8. f3 h6 9. Bh4 d5 10. e3 Nbd7 11. cxd5 exd5 12. Bd3 Qe7 13. Ne2 Rae8 14. Bf2 c5 15. 0-0 Rc8 16. Qd2 Rfe8 17. Nc3 a6 18. Bf5 Rcd8 19. Rae1 Nf8 20. Kh1 Ba8 21. Bh4 Ng6 22. Bg3 Nh5 23. Bf2 Qd6 24. Qc2 Ne7 25. dxc5 bxc5 26. Bh7+ Kh8 27. Bd3 c4 28. Be2 Qg6 29. Bd1 Rb8 30. Qd2 Bc6 31. e4 dxe4 32. fxe4 Rbd8 33. Bd4 Nf6 34. Bf3 Ba8 35. Qf2 Nc6 36. Bb6 Rc8 37. Rd1 Ne5 38. Rd6 Rc6 39. Qd4 Rxd6 40. Qxd6 Bxe4 41. Nxe4 Nxe4 42. Qxg6 Nxg6 43. Rc1 Nd2 44. Bd5 f6 45. Rc2 Re1+ 46. Bg1 Rd1 47. Bxc4 Nxc4 48. Rxc4 Ne5 49. Ra4 Rd6 50. Bd4 Nd3 51. Kg1 g5 52. Kf1 Kh7 53. Ke2 Nf4+ 54. Kf3 Kg6 55. g3 Nh3 56. Bc5 Rc6 57. Ra5 f5 58. b4 Re6 59. Ba7 g4+ 60. Kg2 Kf6 61. a4 h5 62. Kf1 Ng5 63. b5 axb5 64. axb5 Re4 65. Ra6+ Ne6 66. Bc5 Ke5 0-1

[Event "IECC Swiss email"]
[Site "IECC email"]
[Date "2003.01.18"]
[Round "?"]
[White "Smith, Brian L"]
[Black "Collet, Alfred"]
[Result "0-1"]
[WhiteElo "1500"]
[BlackElo "958"]
[PlyCount "36"]
[EventDate "2003.??.??"]
[EventType "tourn (corr)"]
[EventRounds "6"]
[SourceTitle "Corr 2008"]
[Source "ChessBase"]
[SourceDate "2008.06.24"]
[SourceVersion "1"]
[SourceVersionDate "2008.06.24"]
[SourceQuality "1"]

1. e4 c6 2. d3 d5 3. Nd2 e5 4. Ngf3 Bd6 5. g3 Nf6 6. Bg2 0-0 7. 0-0 Re8 8. Ne1 Bg4 9. f3 Bh5 10. g4 Bg6 11. h4 Qb6+ 12. Kh1 h6 13. Nb3 a5 14. g5 Nh5 15. Kh2 a4 16. Nd2 hxg5 17. hxg5 Qd8 18. Bh3 Qxg5 0-1

[Event "IECC Swiss email"]
[Site "IECC email"]
[Date "2002.11.01"]
[Round "?"]
[White "Collet, Alfred"]
[Black "Arcoverde Neto, Alvaro Vieira"]
[Result "1/2-1/2"]
[WhiteElo "944"]
[BlackElo "1478"]
[PlyCount "104"]
[EventDate "2002.??.??"]
[EventType "tourn (corr)"]
[EventRounds "6"]
[SourceTitle "Corr 2008"]
[Source "ChessBase"]
[SourceDate "2008.06.24"]
[SourceVersion "1"]
[SourceVersionDate "2008.06.24"]
[SourceQuality "1"]

1. Nf3 d5 2. d4 e6 3. c4 Nf6 4. Bg5 Be7 5. Nc3 h6 6. Bh4 0-0 7. e3 b6 8. Bd3 Bb7 9. Bxf6 Bxf6 10. cxd5 exd5 11. 0-0 c5 12. Rc1 Nd7 13. Qc2 Rc8 14. Bh7+ Kh8 15. Bf5 a6 16. Bg4 Re8 17. Qb3 c4 18. Qb4 Be7 19. Qa4 b5 20. Qc2 Bd6 21. Rfd1 Rc7 22. a3 Nf6 23. Bh3 Bc8 24. Bxc8 Rxc8 25. Qf5 Rc7 26. Nd2 Qd7 27. Qc2 a5 28. e4 dxe4 29. Ndxe4 Nxe4 30. Nxe4 Bf4 31. Ra1 Qf5 32. f3 Qh5 33. h3 Rd7 34. Re1 Red8 35. Kf1 Rxd4 36. Rad1 Rxd1 37. Rxd1 Rxd1+ 38. Qxd1 Qe5 39. Qd7 f5 40. Nc3 b4 41. axb4 axb4 42. Ne2 Be3 43. g3 Kh7 44. h4 f4 45. gxf4 Bxf4 46. Qf7 Bd2 47. Qxc4 Qxb2 48. Qd3+ Kg8 49. Qd8+ Kf7 50. Qd7+ Kf8 51. Qd8+ Kf7 52. Qd7+ Kf8 1/2-1/2

[Event "IECG QN.2002.0.00228"]
[Site "IECG email"]
[Date "2002.06.20"]
[Round "?"]
[White "Collet, Alfred"]
[Black "Venturas, Bob"]
[Result "0-1"]
[WhiteElo "800"]
[BlackElo "670"]
[PlyCount "74"]
[EventDate "2002.06.20"]
[EventType "tourn (corr)"]
[EventRounds "6"]
[SourceTitle "Corr 2008"]
[Source "ChessBase"]
[SourceDate "2008.06.24"]
[SourceVersion "1"]
[SourceVersionDate "2008.06.24"]
[SourceQuality "1"]

1. d4 d5 2. h3 Nc6 3. Nf3 a6 4. e3 Nf6 5. Bd3 Be6 6. Nc3 b5 7. a3 h6 8. Bd2 Bc8 9. Ne5 Nxe5 10. dxe5 Ng8 11. Qe2 e6 12. f3 Qh4+ 13. Kd1 Qd8 14. Be1 c5 15. Qd2 c4 16. Be2 Qg5 17. g4 Bc5 18. f4 Qd8 19. Na2 Bb7 20. Bf3 Qb6 21. Qe2 Rd8 22. Bd2 Ne7 23. f5 d4 24. e4 d3 25. cxd3 cxd3 26. Qf1 a5 27. Nc1 b4 28. Nxd3 Ba6 29. Be2 bxa3 30. Bc3 Qb3+ 31. Kd2 Bb4 32. Ke3 0-0 33. Bxb4 axb4 34. Kf4 Bxd3 35. Bxd3 Rxd3 36. bxa3 Ng6+ 37. fxg6 fxg6# 0-1

[Event "IECG QN.2002.0.00228"]
[Site "IECG email"]
[Date "2002.06.20"]
[Round "?"]
[White "Hendershot, Paul"]
[Black "Collet, Alfred"]
[Result "1-0"]
[WhiteElo "795"]
[BlackElo "800"]
[PlyCount "85"]
[EventDate "2002.06.20"]
[EventType "tourn (corr)"]
[EventRounds "6"]
[SourceTitle "Corr 2008"]
[Source "ChessBase"]
[SourceDate "2008.06.24"]
[SourceVersion "1"]
[SourceVersionDate "2008.06.24"]
[SourceQuality "1"]

1. e4 e6 2. d3 Nc6 3. Nf3 d6 4. Nc3 Nf6 5. Be2 e5 6. 0-0 Be7 7. Be3 h6 8. d4 exd4 9. Bxd4 Nxd4 10. Nxd4 c5 11. Bb5+ Bd7 12. Nf5 Bxb5 13. Nxb5 0-0 14. Qd3 a6 15. Qg3 g6 16. Nbxd6 Bxd6 17. Nxd6 Qe7 18. Nf5 Qe8 19. Nxh6+ Kh8 20. Qc3 Qe7 21. Ng4 Kg7 22. Qh3 Rh8 23. Qc3 Rae8 24. Rad1 Rh5 25. h3 b5 26. f3 b4 27. Qc4 Nxg4 28. fxg4 Re5 29. Rde1 Qe6 30. Qd3 Qe7 31. Qxa6 Rxe4 32. Rxe4 Qd8 33. Rxe8 Qxe8 34. Qf6+ Kg8 35. a4 Qe6 36. Qxe6 fxe6 37. a5 Kg7 38. a6 Kh6 39. a7 Kg5 40. a8Q Kh4 41. Qd8+ g5 42. Qh8+ Kg3 43. Rf3# 1-0

[Event "IECG QN.2002.0.00228"]
[Site "IECG email"]
[Date "2002.06.20"]
[Round "?"]
[White "Patton, Gary"]
[Black "Collet, Alfred"]
[Result "1-0"]
[WhiteElo "645"]
[BlackElo "800"]
[PlyCount "71"]
[EventDate "2002.06.20"]
[EventType "tourn (corr)"]
[EventRounds "6"]
[SourceTitle "Corr 2008"]
[Source "ChessBase"]
[SourceDate "2008.06.24"]
[SourceVersion "1"]
[SourceVersionDate "2008.06.24"]
[SourceQuality "1"]

1. e4 d6 2. Nc3 a6 3. Bd3 Nc6 4. Nf3 Be6 5. 0-0 Nf6 6. b3 g6 7. Bb2 Bg4 8. h3 Bh5 9. g4 Nxg4 10. Nh4 Nh2 11. Ne2 Nxf1 12. Bxh8 e5 13. Ng2 Ng3 14. fxg3 Qd7 15. g4 Bxg4 16. hxg4 Qxg4 17. Nc3 Qg5 18. Nd5 0-0-0 19. Bf6 Qh6 20. Bxd8 Nxd8 21. Qg4+ Ne6 22. Rf1 Qg5 23. Qf3 Nf4 24. Ndxf4 Be7 25. Qh3+ Kb8 26. Nd5 Bd8 27. Rxf7 h6 28. Qd7 h5 29. Rf8 Ka7 30. Rxd8 c6 31. Bxa6 Kxa6 32. Nc7+ Ka7 33. Ra8+ Kb6 34. Qxd6 h4 35. Nd5+ Kb5 36. c4# 1-0

[Event "IECC M email"]
[Site "IECC email"]
[Date "2002.04.16"]
[Round "?"]
[White "Badenhorst, Jack D"]
[Black "Collet, Alfred"]
[Result "1-0"]
[WhiteElo "980"]
[BlackElo "953"]
[PlyCount "67"]
[EventDate "2002.??.??"]
[EventType "tourn (corr)"]
[EventRounds "6"]
[SourceTitle "Corr 2008"]
[Source "ChessBase"]
[SourceDate "2008.06.24"]
[SourceVersion "1"]
[SourceVersionDate "2008.06.24"]
[SourceQuality "1"]

1. d4 d5 2. e3 Nf6 3. Bd3 Nc6 4. f4 a6 5. Nf3 Bg4 6. Nbd2 e6 7. 0-0 h6 8. h3 Bxf3 9. Rxf3 g5 10. c4 Qe7 11. cxd5 Nxd5 12. fxg5 hxg5 13. Nc4 g4 14. Rg3 gxh3 15. Rxh3 Rxh3 16. gxh3 Bh6 17. a4 0-0-0 18. Qg4 Nf6 19. Qh4 Rg8+ 20. Kf2 Bg5 21. Qg3 Nh5 22. Qh2 Bh4+ 23. Ke2 Qg5 24. Bd2 Ng3+ 25. Kd1 Qh5+ 26. Kc2 Qf3 27. Rg1 b5 28. axb5 axb5 29. Qg2 Qh5 30. Nd6+ Kd7 31. Bxb5 Qd5 32. Bxc6+ Qxc6+ 33. Qxc6+ Kxc6 34. Nxf7 1-0

[Event "IECC M email"]
[Site "IECC email"]
[Date "2002.03.22"]
[Round "?"]
[White "Collet, Alfred"]
[Black "Dunphy, Patrick"]
[Result "0-1"]
[WhiteElo "1000"]
[BlackElo "1010"]
[PlyCount "64"]
[EventDate "2002.??.??"]
[EventType "tourn (corr)"]
[EventRounds "6"]
[SourceTitle "Corr 2008"]
[Source "ChessBase"]
[SourceDate "2008.06.24"]
[SourceVersion "1"]
[SourceVersionDate "2008.06.24"]
[SourceQuality "1"]

1. d4 b6 2. Nf3 Nf6 3. Bf4 Bb7 4. Nc3 e6 5. a3 d6 6. e3 Be7 7. Bd3 0-0 8. Qe2 Nbd7 9. g4 Nxg4 10. 0-0-0 e5 11. dxe5 Bxf3 12. Qxf3 Ngxe5 13. Bxe5 Nxe5 14. Qg2 Nxd3+ 15. Rxd3 Qd7 16. Rg1 g6 17. f4 f5 18. Rh1 Rac8 19. h4 Bf6 20. h5 Bxc3 21. Rxc3 Qe6 22. hxg6 hxg6 23. e4 c5 24. Rg3 Kf7 25. Rxg6 Qxg6 26. Qf1 Rcd8 27. Rg1 Qf6 28. Kb1 fxe4 29. f5 Rg8 30. Rh1 d5 31. Qa6 Rd7 32. Qb5 Ke7 0-1